000 01113nam a2200253Ia 4500
999 _c52518
_d52518
001 19542
003 GE_BSU
005 20200227110354.0
008 181216s2000||||ge |||||||||||||| ||geo||
020 _aISBN 99928-77-14-6
040 _cGE_BSU
041 _ageo
080 _a811.353.1(063) გ-19
100 _aგამყრელიძე, თამაზ
_97541
245 _aრჩეული ქართველოლოგიური შრომები :
_bკრებული /
_cთამაზ გამყრელიძე ; ტომის რედ. ზ. სარჯველაძე.
264 _aთბილისი :
_bთბილ. უნ-ტის გამ-ბა,
_c2000
300 _a258 გვ. ;
_c20 სმ
300 _bპარალ. თავფ. რუს. და ინგლ. ენ
541 _h10ლ.
546 _aპარალ. თავფ. რუს. და ინგლ. ენებზე
653 _aქართული ენა
700 _aსარჯველაძე, ზ.
_eრედაქტორი
_97542
942 _cBK
_2udc